000 00281nam a22001217a 4500
008 170615b xxu||||| |||| 00| 0 eng d
041 _aeng
080 _a32
100 _a20
101 _aSHP
245 _aTHE ASSASSINATION OF PRESIDENT KENNEDY
_cSALISBURY, H.E
942 _2udc
_cBK
999 _c17659
_d17659